Lessons in six sigma / (Record no. 344689)

000 -LEADER
fixed length control field 01006 a2200217 4500
020 ## - INTERNATIONAL STANDARD BOOK NUMBER
International Standard Book Number 0761998438
020 ## - INTERNATIONAL STANDARD BOOK NUMBER
International Standard Book Number 9780761998433
082 04 - DEWEY DECIMAL CLASSIFICATION NUMBER
Classification number 658.4013
090 ## - LOCALLY ASSIGNED LC-TYPE CALL NUMBER (OCLC); LOCAL CALL NUMBER (RLIN)
-- 2187
-- 2187
100 1# - MAIN ENTRY--PERSONAL NAME
Personal name Sarkar, Debashis.
245 10 - TITLE STATEMENT
Title Lessons in six sigma /
Statement of responsibility, etc. Debashis Sarkar.
260 ## - PUBLICATION, DISTRIBUTION, ETC.
Place of publication, distribution, etc. [S.l.] :
Name of publisher, distributor, etc. SAGE Publications Pvt. Ltd,
Date of publication, distribution, etc. 2004.
300 ## - PHYSICAL DESCRIPTION
Extent 244 p. ;
Dimensions 18 cm.
490 1# - SERIES STATEMENT
Series statement Response books.
500 ## - GENERAL NOTE
General note Paperback.
520 ## - SUMMARY, ETC.
Summary, etc. Offering an insider's perspective on Six Sigma, this book looks in depth at how this methodology can be adopted and implemented in organizations for maximum results. Written in an accessible and jargon-free style, the author highlights the `dos and don'ts' of the programme, its successes as well as its weaknesses.
830 #0 - SERIES ADDED ENTRY--UNIFORM TITLE
Uniform title Response books.
856 40 - ELECTRONIC LOCATION AND ACCESS
Materials specified Amazon.com
Uniform Resource Identifier <a href="http://www.amazon.com/exec/obidos/ASIN/0761998438/chopaconline-20">http://www.amazon.com/exec/obidos/ASIN/0761998438/chopaconline-20</a>
856 40 - ELECTRONIC LOCATION AND ACCESS
Materials specified Amazon customer reviews
Uniform Resource Identifier <a href="http://www.chopac.org/cgi-bin/tools/azrev.pl?q=0761998438">http://www.chopac.org/cgi-bin/tools/azrev.pl?q=0761998438</a>
942 ## - ADDED ENTRY ELEMENTS (KOHA)
Institution code [OBSOLETE] NBS
Koha item type Book
Call number prefix 658.41013 SAR
Holdings
Withdrawn status Lost status Damaged status Not for loan Permanent Location Current Location Date acquired Total Checkouts Full call number Barcode Date last seen Date last checked out Price effective from Koha item type
        Central Library (CL) Central Library (CL) 08/28/2013 1 658.41013 SAR NBS8249 01/27/2022 12/16/2021 08/28/2013 Book
        Central Library (CL) Central Library (CL) 08/28/2013   658.41013 SAR NBS6892 08/28/2013   08/28/2013 Book
© 2023 Central Library, National University of Sciences and Technology. All Rights Reserved.